000 00414nam a2200169Ia 4500
008 230524s9999 xx 000 0 und d
020 _a8131716716
082 _a658.3
_bKOT
100 _aPhilip Kotler
245 2 _aA Framework For Marketing Management
250 _a3RD
260 _aNEW DELHI
_b Pearson
_c2008
300 _aXIV;375
500 _aQuantity Number: 5
650 _aManagement
942 _cBK
999 _c41397
_d41397